000 00229nam a2200097Ia 4500
005 20251222114354.0
008 251222s1900||||xx |||||||||||||| ||spa||
082 _aDVD0070/B33
245 0 _aGifted hands:Manos milagrosas
942 _cDVD
999 _c1351
_d1351